01724nam a2200313 ia450000500170000000800410001702000390005804000270009708200140012410000350013824500920017326400710026526400110033630000690034733600210041633700250043733800230046249000250048550000200051052005710053052100200110165000520112165000440117365000600121765000470127770000270132470000330135183000260138420260209155606.0260208t20242024enkoa br 001 0 eng d a9781788564427cRM60.70qpaperback  aPPAK bengcPPAK erda04223a363.71 aGallagher, Belinda, eauthor. 10aBe a Clean-Up Champion / cBy Belinda Gallagher ; Editors: Ruth Owen & Mark J. Sachner  1aTunbridge Wells, Kent, England : bRuby Tuesday Books Ltd., c2024 4c©2024 a32 pages : bcolour photographs, colour illustrations ; c28 cm  atext2rdacontent aunmediated2rdamedia avolume2rdacarrier1 aEVERY ACTION COUNTS! aIncludes index. aToo often books about caring for our world can be depressing because the problems that our planet faces seem impossible to solve. But it doesn’t have to be that way! If lots of people do lots of small things, it can make a HUGE difference. This book includes: tips for carrying out successful and safe rubbish clean-ups on the street, in a park, or at the beach; cool ways to reuse and recycle unwanted rubbish; and how to organise a clean-up drive in your neighbourhood. Ready to become a great citizen and hands-on conservationist? Then this is the book for you! a7 – 10 years.10aEnvironmental protection vJuvenile literature 20aEnvironmentalism vJuvenile literature 20aConservation of natural resourcesvJuvenile literature 20aNature conservation vJuvenile literature 1 aOwen, Ruth, eeditor. 1 aSachner, Mark J., eeditor.  0aEvery action counts!